drapeaux facile - Statistiques

Statistiques générales
  • Ce quiz a été pris 824 fois
  • Le résultat moyen est 14 sur 16
Statistiques - réponses
Par images Réponse % Correct
Canada
100%
France
99%
États-Unis
97%
brésil
94%
chine
93%
espagne
93%
italie
93%
algérie
90%
argentine
88%
russie
88%
Ukraine
88%
Portugal
87%
allemagne
86%
mexique
82%
royaume uni
82%
grece
78%
Aucun quiz correspondant
Distribution des résultats
% des personnes avec chaque résultat
Percentile par nombre de réponses
Votre historique - résultats
Vous n’avez pas pris ce quiz